| 000 | 00733cam a2200205 i 4500 | ||
|---|---|---|---|
| 005 | 20251108175302.0 | ||
| 008 | 250721s2011 jo gr 000 0 ara d | ||
| 020 | _a9789957244927 | ||
| 082 | 1 | 4 |
_a001.42 _bج ب ر |
| 100 | 1 |
_aجبرين، علي هادي _eمؤلف. |
|
| 245 | 1 | 0 |
_aأساسيات البحث و مشاريع التخرج ... / _cالدكتور علي هادي جبرين. |
| 250 | _aالطبعة الاولى. | ||
| 264 | 3 | 1 |
_aعمان : _bدار صفاء للنشر والتوزيع، _c2010. |
| 300 | _a266 صفحة. | ||
| 650 | 1 | 7 | _aاساليب البحث. |
| 650 | 1 | 7 | _aتقارير البحوث. |
| 650 | 1 | 7 | _aالادارة العامة. |
| 942 |
_2ddc _cBK |
||
| 999 |
_c130564 _d130564 |
||